| 000 | 00701nas a2200229 4500 | ||
|---|---|---|---|
| 001 | BR9203010 | ||
| 003 | BR-BrBNA | ||
| 005 | 20231205092603.0 | ||
| 007 | ta | ||
| 008 | 230509b bl.|||p| |||| 00| 00por d | ||
| 040 |
_aBR-BrBNA _bpor _cBiblioteca Nacional de Agricultura |
||
| 041 | _a(Pt) | ||
| 072 | _aE50; C20 | ||
| 100 | 1 | _aMolina, M.I.G. | |
| 245 | 1 | _aFundamentos para o trabalho com grupos em extensao rural | |
| 650 | _aSOCIOLOGIA RURAL | ||
| 650 | _aEXTENSAO RURAL | ||
| 650 | _aGRUPO SOCIAL | ||
| 773 | 0 |
_tCadernos de Difusao de Tecnologia (Brazil) _xISSN 0102-1869 _g(Jan-Dec 1988), v. 5(1-3) p. 77-95 _wBR9203010 |
|
| 909 |
_a202311 _bLúcia _c55 _dLúcia Elande |
||
| 942 |
_2AGRIS _n0 _cANA |
||
| 999 |
_c132690 _d132690 |
||